Operations Research today (Registro nro. 28275)
[ vista simple ]
| 000 -LEADER | |
|---|---|
| fixed length control field | 00292 a2200109 4500 |
| 001 - CONTROL NUMBER | |
| control field | ART_20440 |
| 005 - DATE AND TIME OF LATEST TRANSACTION | |
| control field | 20260410161927.0 |
| 008 - FIXED-LENGTH DATA ELEMENTS--GENERAL INFORMATION | |
| fixed length control field | 260409a |
| 100 1# - MAIN ENTRY--PERSONAL NAME | |
| Personal name | Schneider, Erich |
| 245 10 - TITLE STATEMENT | |
| Title | Operations Research today |
| 773 0# - HOST ITEM ENTRY | |
| Title | Economics |
| Related parts | - Vol. 2 (jun. 1970) |
| Record control number | REV20320 |
No hay ítems disponibles.